000 00576nam a2200229Ia 4500
003 OSt
005 20221005124453.0
006 a|||||r|||| 00| 0
007 ta
008 221004b |||||||| |||| 00| 0 eng d
024 _a59270
037 _cTextual
040 _aCRL
_cCRL
_beng
041 _2eng
_aeng
082 _aV2:25xM69:28, J5
100 _aGandhi M K
245 0 _aMy religion comp and ed by Bharatan Kumarappa
260 _c1955
650 _aHISTORY
942 _hV2:25xM69:28, J5
_cTEXL
_2cc
999 _c1050585
_d1050585